000 02241nam a2200505Ii 4500
001 DIGCSIC0150
003 NyNyDIG
008 181008s2014 sp a ob 000 0 spa d
006 m o d
007 cr |||||||||||
035 _a(OCoLC)896860731
040 _aDGITA
_beng
_erda
_epn
_cDGITA
020 _a9788400098216
_q(eBook)
020 _a8400098218
_q(eBook)
020 _z9788400098209
020 _z840009820X
024 7 _a723-14-085-0
_q(e-NIPO)
_2nipo
024 7 _z723-14-084-5
_2nipo
050 1 4 _aQC96.R34 eBook
100 1 _aAroca, Ricardo,
_eauthor.
245 1 0 _aAmplificación plasmónica de espectros Raman y de fluorescencia :
_bSERS y SEF sobre nanoestructuras metálicas /
_cRicardo F. Aroca, Marcelo Campos Vallette, José V. García Ramos, Santiago Sánchez Cortés, José A. Sánchez Gil y Paz Sevilla.
264 1 _aMadrid :
_bConsejo Superior de Investigaciones Científicas,
_c2014.
300 _a1 online resource :
_billustrations (some color)
336 _atext
_btxt
_2rdacontent
337 _acomputer
_bc
_2rdamedia
338 _aonline resource
_bcr
_2rdacarrier
490 1 _aTextos universitarios ;
_v49
504 _aIncludes bibliographical references and index.
588 0 _aOnline resource; title from PDF title page (Digitalia, viewed November 27, 2014)
650 0 _aRaman spectroscopy.
650 0 _aNanostructured materials
_xSurfaces
_xSpectra.
655 0 _aElectronic books.
700 1 _aCampos Vallette, Marcelo,
_eauthor.
700 1 _aGarcía Ramos, José V.,
_eauthor.
700 1 _aSánchez Cortés, Santiago,
_eauthor.
700 1 _aSánchez Gil, José A.,
_eauthor.
700 1 _aSevilla, Paz,
_eauthor.
791 2 _aDigitalia (Firm),
_edistributor.
793 0 _gDigitalia eBook Collection:
_aEditorial CSIC
776 0 8 _iPrint version:
_aAroca, Ricardo.
_tAmplificación plasmónica de espectros Raman y de fluorescencia.
_dMadrid : Consejo Superior de Investigaciones Científicas, 2014
_z9788400098209
_w(DLC) 2014414672
_w(OCoLC)956500581
830 0 _aColección Textos universitarios (Madrid, Spain) ;
_vno 49.
856 4 0 _3Digitalia Hispánica
_uhttps://www.digitaliapublishing.com/a/30321/
910 _aPremium Collection: 2015
942 _cRAA
999 _c240414
_d240414